LEADER 00954nam0 2200265 4500 001 9910161860503321 005 20170213085423.0 100 $a20170213d1911---- km y0itay50 ba 101 0 $ahun$alat 102 $aHU 105 $a 001yy 200 1 $aA magyar kir. földtani Intézet könyvtárának szakcsoportok szerinti címjegyzéke$d= Catalogus arte conclusus bibliothecae instituti geologici regni Hungariae 210 $aBudapest$cFritz Armin Konyvnyomdaja$d1911 210 $aBudapest$cÁrmin$d1911 215 $aIX, 316 p. 510 1 $aCatalogus arte conclusus bibliothecae instituti geologici regni Hungariae$zlat 610 0 $aCataloghi 676 $a017$v22 801 0$aIT$bUNINA$gRICA$2UNIMARC 901 $aBK 912 $a9910161860503321 952 $a60 016 B 13 (b)$b17204$fFAGBC 959 $aFAGBC 996 $aA magyar kir. földtani Intézet könyvtárának szakcsoportok szerinti címjegyzéke$91470279 997 $aUNINA